| Registos Bibliográficos associados ao registo de autoridade |
|
Etiqueta de registo: 00254nam 2200025 450 001 2288577 003 http://id.bnportugal.gov.pt/bib/catbnp/2288577 100 ## $a20260623d2023 k y0pory01030103ba 101 0# $apor$deng 102 ## $aPT 105 ## $aa m 001yy 106 ## $ar 200 1# $a O legado design no quadro da transição linear-circular$ecaracterização dp design circular na linha evolutiva do design centrado no humano
e do objeto circular através da análise de tableware cerâmico$fCarla Maria Xavier Castanheta$gorient. Isabel Maria Dâmaso Rodrigues 210 #9 $aLisboa$c[s.n.],$d2023 215 ## $a434 p.$cil$d30 cm 328 #1 $aTese dout. Belas-Artes (Design de Equipamento), Faculdade de Belas-Artes da Universidade
de Lisboa, 2023 700 #1 $aCastanheta,$bCarla Maria Xavier$32001358 702 #1 $aRodrigues,$bIsabel Maria Dâmaso,$f1966-$4727$31433887 801 #0 $aPT$bBN$gRPC 971 ## $cisantos$d20260623
|
|
|